ARRUPE JESUIT UNIVERSITY

CORONAVIRUS -STOP THE SPREAD - CLEAN,DISINFECT,COVER

The Mbeki legacy / (Record no. 67221)

MARC details
000 -LEADER
fixed length control field 01325cam a2200349 a 4500
001 - CONTROL NUMBER
control field 15578931
003 - CONTROL NUMBER IDENTIFIER
control field ARRUPE
005 - DATE AND TIME OF LATEST TRANSACTION
control field 20170529123350.0
008 - FIXED-LENGTH DATA ELEMENTS--GENERAL INFORMATION
fixed length control field 090108s2008 sa b 001 0 eng d
010 ## - LIBRARY OF CONGRESS CONTROL NUMBER
LC control number 2008544946
015 ## - NATIONAL BIBLIOGRAPHY NUMBER
National bibliography number GBA8A1350
Source bnb
016 7# - NATIONAL BIBLIOGRAPHIC AGENCY CONTROL NUMBER
Record control number 014697743
Source Uk
020 ## - INTERNATIONAL STANDARD BOOK NUMBER
International Standard Book Number 9781770220287 (pbk.)
020 ## - INTERNATIONAL STANDARD BOOK NUMBER
International Standard Book Number 1770220283 (pbk.)
035 ## - SYSTEM CONTROL NUMBER
System control number (OCoLC)ocn244314805
040 ## - CATALOGING SOURCE
Original cataloging agency UKM
Transcribing agency UKM
Modifying agency BTCTA
-- YDXCP
-- CLU
-- TXA
-- DLC
042 ## - AUTHENTICATION CODE
Authentication code lccopycat
043 ## - GEOGRAPHIC AREA CODE
Geographic area code f-sa---
050 00 - LIBRARY OF CONGRESS CALL NUMBER
Classification number DT1975
Item number .P68 2008
300 ## - PHYSICAL DESCRIPTION
Dimensions 23 cm.
100 1# - MAIN ENTRY--PERSONAL NAME
Personal name Pottinger, Brian.
9 (RLIN) 31494
245 14 - TITLE STATEMENT
Title The Mbeki legacy /
Statement of responsibility, etc Brian Pottinger.
260 ## - PUBLICATION, DISTRIBUTION, ETC. (IMPRINT)
Place of publication, distribution, etc Cape Town :
Name of publisher, distributor, etc Zebra Press ;
Place of publication, distribution, etc London :
Name of publisher, distributor, etc New Holland [distributor],
Date of publication, distribution, etc 2008.
300 ## - PHYSICAL DESCRIPTION
Extent xii, 346 p. ;
504 ## - BIBLIOGRAPHY, ETC. NOTE
Bibliography, etc Includes bibliographical references and index.
600 10 - SUBJECT ADDED ENTRY--PERSONAL NAME
Personal name Mbeki, Thabo.
9 (RLIN) 31492
651 #0 - SUBJECT ADDED ENTRY--GEOGRAPHIC NAME
Geographic name South Africa
General subdivision History
Chronological subdivision 1994-
9 (RLIN) 31495
651 #0 - SUBJECT ADDED ENTRY--GEOGRAPHIC NAME
Geographic name South Africa
General subdivision Politics and government
Chronological subdivision 1994-
9 (RLIN) 31496
651 #0 - SUBJECT ADDED ENTRY--GEOGRAPHIC NAME
Geographic name South Africa
General subdivision Economic conditions
Chronological subdivision 21st century.
9 (RLIN) 31497
651 #0 - SUBJECT ADDED ENTRY--GEOGRAPHIC NAME
Geographic name South Africa
General subdivision Social conditions
Chronological subdivision 21st century.
9 (RLIN) 31498
906 ## - LOCAL DATA ELEMENT F, LDF (RLIN)
a 7
b cbc
c copycat
d 3
e ncip
f 20
g y-gencatlg
942 ## - ADDED ENTRY ELEMENTS (KOHA)
Source of classification or shelving scheme Library of Congress Classification
Koha item type Monograph ( Printed materials)
Holdings
Withdrawn status Lost status Source of classification or shelving scheme Damaged status Not for loan Collection code Home library Current library Shelving location Date acquired Total Checkouts Full call number Barcode Date last seen Date checked out Copy number Price effective from Koha item type
    Library of Congress Classification     Main Collection ARRUPE LIBRARY ARRUPE LIBRARY   05/03/2013 1 DT1975.P68 2008 46004003965 07/12/2017 10/09/2013 1 05/03/2013 Monograph ( Printed materials)

 

Arrupe Library. PO Box MP320 Mt Pleasant, Harare, Zimbabwe
263 242 745411|librarian@aju.ac.zw